Statistics for Locally Westerly Capitals

Click here to take the quiz!

General Stats

  • This quiz has been taken 18 times
  • The average score is 13 of 19

Answer Stats

N Capital City % Correct
20Lisbon
100%
18London
94%
16Paris
94%
18Dublin
94%
17Madrid
88%
19Dakar
82%
18Rabat
76%
20Reykjavik
76%
16Brussels
71%
20Mexico City
65%
17Nouakchott
59%
16Bissau
53%
19Praia
53%
16Andorra la Vella
53%
18Banjul
53%
16Tegucigalpa
47%
19Guatemala City
47%
18San Salvador
47%
17Belmopan
41%

Score Distribution

Percentile by Number Answered

Percent of People with Each Score

Your Score History

You have not taken this quiz